Yang niao zhi nan (Chinese)
| Main Author: | |
|---|---|
| Format: | Book |
| Published: |
Beijing :
Zhongguo you yichuban gong gi ,
2006
|
| Subjects: |
MARC
| LEADER | 00000cam a2200000 7i4500 | ||
|---|---|---|---|
| 001 | 0000021373 | ||
| 005 | 20080717.0 | ||
| 008 | 080717 | ||
| 020 | |a 7505721852 | ||
| 090 | 0 | 0 | |a 636.68 |b ALD |
| 100 | 1 | |a Alderton, David | |
| 245 | 1 | 0 | |a Yang niao zhi nan (Chinese) |c [Zuo Zhe, Daiwei Aerdedun ; Li Hong Yi] |
| 246 | 1 | 0 | |a You and your pet bird |
| 260 | |a Beijing : |b Zhongguo you yichuban gong gi , |c 2006 | ||
| 650 | 0 | |a Birds | |
| 650 | 0 | |a case birds |x breeding | |
| 999 | |a 0001030969 |b Book |c Chinese Collection |e Perbadanan Perpustakaan Awam Johor | ||